00785 a2200205 4500001000700000020001800007040001100025100002400036240006200060245005700122300000700179362000900186440002600195697002300221942000700244952010300251952010300354952010300457999001900560184842 a85-88409-51-8 cMagnum aGino, Irlanda Silva10aAlma do outro mundo, lobisomen ou mula sem cabeça?lpor10aAlma do outro mundo, lobisomen ou mula sem cabeça? a470 a2002 1aArmazém de Idéias aLITERATURA JUVENIL cBK 00104070a32.5b32.5d2024-06-08l0o869.3.162pMAG00045910r2024-06-08 21:03:35w2024-06-08yBK 00104070a32.5b32.5d2024-06-08l0o869.3.162pMAG00045911r2024-06-08 21:03:35w2024-06-08yBK 00104070a32.5b32.5d2024-06-08l0o869.3.162pMAG00045912r2024-06-08 21:03:35w2024-06-08yBK c184842d184842